|
|
|
|
| LEADER |
00000nam0a2200000 4500 |
| 001 |
277037 |
| 005 |
20231101234958.0 |
| 035 |
|
|
|a (RuTPU)RU\TPU\book\300310
|
| 090 |
|
|
|a 277037
|
| 100 |
|
|
|a 20141128d1985 m y0rusy50 ca
|
| 101 |
0 |
|
|a rus
|
| 102 |
|
|
|a RU
|
| 105 |
|
|
|a a z 000zy
|
| 200 |
1 |
|
|a Сердце под защитой
|f Д. М. Аронов
|
| 205 |
|
|
|a 3-е изд., испр. и доп.
|
| 210 |
|
|
|a Москва
|c Физкультура и спорт
|d 1985
|
| 215 |
|
|
|a 80 с.
|c ил.
|
| 225 |
1 |
|
|a Физкультура и здоровье
|
| 423 |
|
|
|t Жизнь без лекарств
|f А. С. Авдулина
|e 3-е изд., испр.
|a Авдулина, Анна Сергеевна
|
| 606 |
1 |
|
|a Физическая культура лечебная
|2 stltpush
|3 (RuTPU)RU\TPU\subj\63822
|9 80759
|
| 610 |
1 |
|
|a здоровье
|
| 610 |
1 |
|
|a гимнастика
|
| 610 |
1 |
|
|a физические нагрузки
|
| 675 |
|
|
|a 613.7
|v 3
|
| 700 |
|
1 |
|a Аронов
|b Д. М.
|g Давид Меерович
|
| 801 |
|
1 |
|a RU
|b 63413507
|c 20141128
|
| 801 |
|
2 |
|a RU
|b 63413507
|c 20160513
|g RCR
|
| 942 |
|
|
|c BK
|